00829cam a22002291 45000010005000000030008000050050017000130080039000300350018000690400036000870410011001230820024001341000056001582450101002142500019003152600043003343000030003774900058004075040050004656500019005157000065005346945BD-RjUL20211208234337.0140113t1962 nyua b 001 0 eng a(BD-RjUL)6987 aDLC/ICUcICUdDLCdBD-RjULbeng1 aengrus00a519.1216bGNE 19621 aGnedenko, B. V.q(Boris Vladimirovich),d1912-1995.13aAn elementary introduction to the theory of probability /cby B.V. Gnedenko and A. Ya. Khinchin. aAuthorized ed. aNew York :bDover Publications,cc1962 a130 p. :billus. c22 cm.0 aDover Books on Intermediate and Advanced Mathematics. aIncludes bibliographical reference and index. 0aProbabilities.1 aKhinchin, Aleksandr I︠A︡kovlevich,d1894-ejoint author.